Statistics for NBA career games played leaders

Click here to take the quiz!

General Stats

  • This quiz has been taken 24 times
    (9 since last reset)
  • The average score is 13 of 20

Answer Stats

Hint Answer % Correct
1405Vince Carter
100%
1392Tim Duncan
100%
1611Robert Parish
89%
1560Kareem Abdul-Jabbar
89%
1471Dirk Nowitzki
89%
1346Kobe Bryant
78%
1304Andre Miller
67%
1329Moses Malone
67%
1343Paul Pierce
67%
1389Reggie Miller
67%
1391Jason Kidd
67%
1476Karl Malone
67%
1504John Stockton
67%
1380Cliff Robinson
56%
1462Kevin Garnett
56%
1410Jason Terry
44%
1424Kevin Willis
44%
1335Gary Payton
44%
1307Buck Williams
22%
1303Elvin Hayes
22%

Score Distribution

Percentile by Number Answered

Percent of People with Each Score

Your Score History

You have not taken this quiz since the last reset